000 00784nam a2200229 a 4500
001 36804
003 BD-RjUL
005 20211209052539.0
008 140908s1965 ii ||||e |||| 000 0 ben d
020 _cPRs..6.87
035 _a(BD-RjUL)36906
040 _aBD-RjUL
_bben
_cBD-RjUL
041 _aben
082 _a891.443
_bCHB 1965
_223
100 _aচক্রবর্তী, বিজন
_9112261
245 1 0 _aবেগম সমরু /
_cবিজন চক্রবর্তী
260 _aকলিকাতা :
_bআনন্দধারা প্রকাশন,
_c১৯৬৫ [১৩৭২]
300 _a২১৭ পৃ.;
_c২১ সেমি.
650 _aবাংলা উপন্যাস
_9120143
650 _aBengali Fiction
_9120144
942 _2ddc
_cBK
999 _c36804
_d36804